Ảnh hưởng của các mức protein trong khẩu phần đến sự biểu hiện gen protein intestinal transporter (PepT1) ở gà thịt COBB 500 : Báo cáo tổng kết đề tài khoa học và công nghệ cấp Trường

Nội dung đề tài khảo sát sự biểu hiện của Gen PepT1 đối với các khẩu phần protein thích hợp với từng giai đoạn cho gà thịt thông qua sự biểu hiện của Gen.

সংরক্ষণ করুন:
গ্রন্থ-পঞ্জীর বিবরন
প্রধান লেখক: Nguyễn, Thị Kim Khang
বিন্যাস: গ্রন্থ
ভাষা:Undetermined
প্রকাশিত: Cần Thơ Trường Đại học Cần Thơ 2013
বিষয়গুলি:
ট্যাগগুলো: ট্যাগ যুক্ত করুন
কোনো ট্যাগ নেই, প্রথমজন হিসাবে ট্যাগ করুন!
Thư viện lưu trữ: Trung tâm Học liệu Trường Đại học Cần Thơ
LEADER 01275nam a2200217Ia 4500
001 CTU_203590
008 210402s9999 xx 000 0 und d
082 |a 636.5 
082 |b Kh106 
088 |a T2012-22 
100 |a Nguyễn, Thị Kim Khang 
245 0 |a Ảnh hưởng của các mức protein trong khẩu phần đến sự biểu hiện gen protein intestinal transporter (PepT1) ở gà thịt COBB 500 : 
245 0 |b Báo cáo tổng kết đề tài khoa học và công nghệ cấp Trường 
245 0 |c Nguyễn Thị Kim Khang (chủ nhiệm đề tài) ; Nguyễn Nhựt Xuân Dung, Nguyễn Thanh Sang, Lê Kim Tho (tham gia thực hiện) 
260 |a Cần Thơ 
260 |b Trường Đại học Cần Thơ 
260 |c 2013 
520 |a Nội dung đề tài khảo sát sự biểu hiện của Gen PepT1 đối với các khẩu phần protein thích hợp với từng giai đoạn cho gà thịt thông qua sự biểu hiện của Gen. 
650 |a Nutrition, basic and applied science,Dinh dưỡng, cơ bản và khoa học ứng dụng 
904 |i Qhieu 
980 |a Trung tâm Học liệu Trường Đại học Cần Thơ